00457nam a2200145Ia 4500008004100000020001500041050001400056100001800070245006300088260003600151300004800187440002400235650003300259999001900292150220s9999 xx 000 0 und d a9833330401 b.J95 2006 aJunior Pages. aSmart kids on the street :bprimary guide /cJunior Pages. aSelangor :bJunior Pages,c2006 a43 pages :bColored, Illustration ;c31 cm. aRoad Safety Series. aTraffic safety and children. c283080d283080